Thiết kế máy biến áp điện lực

Na minha lista:
Detalhes bibliográficos
Autor principal: Phan, Tử Thụ
Formato: Livro
Idioma:Undetermined
Publicado em: Hà Nội Khoa học Kỹ thuật 2005
Assuntos:
Tags: Adicionar Tag
Sem tags, seja o primeiro a adicionar uma tag!
Thư viện lưu trữ: Trung tâm Học liệu Trường Đại học Cần Thơ
LEADER 00589nam a2200193Ia 4500
001 CTU_106482
008 210402s9999 xx 000 0 und d
020 |c 31000 
082 |a 621.314 
082 |b Th500 
100 |a Phan, Tử Thụ 
245 0 |a Thiết kế máy biến áp điện lực 
245 0 |c Phan Tử Thụ 
260 |a Hà Nội 
260 |b Khoa học Kỹ thuật 
260 |c 2005 
650 |a Electric machinery,Mechanical engineering 
904 |i M.Loan, Q. Hiếu (sửa) 
980 |a Trung tâm Học liệu Trường Đại học Cần Thơ